Normal view
MARC view
- Nanoelectromechanical systems
Entry Topical Term
001 - CONTROL NUMBER
- control field: 83053
003 - CONTROL NUMBER IDENTIFIER
- control field: NUST
005 - DATE AND TIME OF LATEST TRANSACTION
- control field: 20211012122706.0
008 - FIXED-LENGTH DATA ELEMENTS
- fixed length control field: 211012|| aca||aabn | a|a d
040 ## - CATALOGING SOURCE
- Original cataloging agency: NUST
- Transcribing agency: NUST
150 ## - HEADING--TOPICAL TERM
- Topical term or geographic name entry element: Nanoelectromechanical systems
- Form subdivision: Congresses
670 ## - SOURCE DATA FOUND
- Source citation: Work cat.: (NUST)32251: NATO Advanced Study Institute on Magnetic Nanostructures for Micro-Electromechanical Systems and Spintronic Applications (2006 : Catona, Reggio di Calabria, Italy) 83052, Magnetic Nanostructures in Modern Technology :, c2008.
